A föld megmunkálása Hosszúpályiban
Elmentve itt :
| Szerző: | |
|---|---|
| Dokumentumtípus: | Cikk |
| Sorozat: | Kolligátum
|
| Kulcsszavak: | Földművelés - Magyarország - regionális ; Hosszúpályi - honismeret |
| Online Access: | http://misc.bibl.u-szeged.hu/24503 |
| LEADER | 00568nab a2200157 i 4500 | ||
|---|---|---|---|
| 001 | misc24503 | ||
| 005 | 20191111110821.0 | ||
| 008 | 170803suuuu hu o 0|| zxx d | ||
| 040 | |a SZTE Miscellanea Repozitórium |b hun | ||
| 041 | |a zxx | ||
| 100 | 1 | |a Papp László | |
| 245 | 1 | 2 | |a A föld megmunkálása Hosszúpályiban |h [elektronikus dokumentum] / |c Papp László |
| 300 | |a 62-71 | ||
| 490 | 0 | |a Kolligátum | |
| 695 | |a Földművelés - Magyarország - regionális ; Hosszúpályi - honismeret | ||
| 856 | 4 | 0 | |u http://misc.bibl.u-szeged.hu/24503/1/011_018_062-071.pdf |z Dokumentum-elérés |